000 00775nab a2200181 4500
003 ES-SlBCS
005 20210327231241.0
008 160705s2016 sp ||||| |||| 00| 0 spa d
040 _aES-SlBCS
_bspa
100 1 _aEizaguirre, Almudena
_9411007
245 1 0 _aPrincipios básicos de la Pedagogía Ignaciana y su implantación en la Deusto Business School a través del Modelo Deusto de Formación
_cAlmudena Eizaguirre ; Ana García Olalla ; Olga del Orden ; María García Feijoo
650 0 _aInnovación Educativa
_9123931
700 1 _aGarcía Olalla, Ana
_9411008
700 1 _aOrden Olasagasti, Olga del
_9258350
700 1 _aGarcía Feijoo, María
_9411009
773 0 _gNº 150-151, 2016, págs. 80-98
_tEstudios Empresariales
_wRev1197
_x0425-3698
942 _2lcc
_cAR
999 _c858029
_d858029